The Definitive Gilmore Girls Quiz #4 - Statistics

General Stats
  • This quiz has been taken 56 times
  • The average score is 8 of 15
Answer Stats
Hint Answer % Correct
What food can Lane give the band for free when she works at Luke's Diner? Fries
92%
What is Kirk's girlfriend called? Lulu Kuschner
88%
What colour dress does Rory wear to the Huntzberger's house? Blue
77%
Who rips a page out of the Chilton yearbook because there's a bad photo of them on it? Madeline & Louise
77%
At the Stars Hollow Christmas Pageant rehearsal (in season 1) what was the baby Jesus missing? An arm
67%
What is Liz Dane's profession? Jeweller
63%
What kind of competitions does Emily Gilmore tape? Ballroom Dancing competitions
58%
What drink does Luke hate? Champagne
50%
What sport did Luke Danes win state championships for whilst at Stars Hollow High? Track
46%
What does Michel Gerard win on The Price is Right? An RV
42%
Why is Emily Gilmore arrested? Driving whilst operating a cell phone
35%
What character does Brian's cousin always dress as? Zorro
33%
What job does Lorelai tell Gigi she used to do for Santa Claus? His dry cleaning
31%
What drag queen serves Lorelai and her friends during her Bachelorette Party? Mae West
10%
What book does Rory bribe Jess with so he'll go to Friday night dinner? The Holy Barbarians by Lawrence Lipton
6%
No matching quizzes found
Score Distribution
Percent of People with Each Score
Percentile by Number Answered
Your Score History
You have not taken this quiz